Lyrics to New Kid in Town- Eagles - Statistics

General Stats
  • This quiz has been taken 20 times
  • The average score is 9 of 32
Answer Stats
Number of words in answer Answers % Correct
8 words Johnny come lately the new kid in town
63%
8 words johnny come lately the new kid in town
63%
6 words there's a new kid in town
50%
6 words there's a new kid in town
50%
5 words great expectations everybody's watching you
44%
10 words you look in her eyes the music begins to play
44%
8 words everybodys talking bout the new kid in town
38%
9 words people you meet they all seem to know you
38%
9 words there's talk on the street it sounds so familiar
38%
9 words but night after night you're willing to hold her
31%
10 words even your old friends treat you like youre something new
31%
8 words everybodys walking like the new kid in town
31%
7 words just hold her tears on your shoulder
31%
8 words you're walking away and they're talking behind you
31%
8 words everybody loves you so don't let them down
25%
6 words hopeless romantics here we go again
25%
9 words there's so many things you should have told her
25%
10 words there's talk on the street it's there to remind you
25%
10 words where you been lately there's a new kid in town
25%
9 words will she still love you when youre not around
25%
9 words but after a while you're looking the other way
19%
5 words everybody loves him don't they
19%
7 words it's those restless hearts that never mend
19%
12 words there's a new kid in town i don't want to hear it
19%
12 words there's a new kid in town i don't want to hear it
19%
8 words and he's holding her and you're still around
13%
10 words they will never forget you till somebody new comes along
13%
8 words it doesn't really matter which side you're on
6%
12 words there's a new kid in town just another new kid in town
6%
9 words there's a new kid in town everybody's started talking
0%
9 words there's a new kid in town people started walking
0%
12 words there's a new kid in town there's a new kid in town
0%
No matching quizzes found
Score Distribution
Percent of People with Each Score
Percentile by Number Answered
Your Score History
You have not taken this quiz